| 000 | 00648nam a2200217Ia 4500 | ||
|---|---|---|---|
| 005 | 20241129104205.0 | ||
| 008 | 241129s9999||||xx |||||||||||||| ||und|| | ||
| 020 | _a9780812250152 | ||
| 037 | _aTextual | ||
| 040 |
_aRTL _beng _cRTL |
||
| 041 |
_aeng _2eng |
||
| 084 |
_aY:3217 Q8 _qRTL |
||
| 100 |
_aLefkovitz Alison _9725171 |
||
| 245 | 0 |
_aStrange bedfellows: Marriage in the age of women's liberation _cLefkovitz Alison |
|
| 260 |
_aPhiladelphia _bUniversity of Pennsylvania Press _c2018 |
||
| 300 | _a273p. | ||
| 365 |
_aINR _b3842.82 |
||
| 650 | _aGender Studies | ||
| 942 |
_cTB _hY:3217 Q8 |
||
| 999 |
_c1224810 _d1224810 |
||